Poézia - moja láska spomienok kniha prvá : 1930-1920

Bibliographic Details
Main Author: Smrek, Ján, 1898-1982 (Author)
Format: Article
Language:Slovak
Subjects:

MARC

LEADER 00000nab a2200000uu 4500
001 vtls011524832
003 SK-MaSNL
005 20260304234403.0
008 230704|1967 xo |||||||||||||||||slo|
015 |a SNBRB 
035 |a (urnnbn)urn:nbn:sk:snk:ar-002osn 
035 |a (uuid)15b5e3e0-4743-45e7-9388-38a7347b4a56 
035 |a urn:nbn:sk:snk-abeca6 
040 |a SNKBUCL  |b slo  |c SNKBUCL  |e AACR2 
041 0 |a slo 
044 |a xo  |c SK 
100 1 |a Smrek, Ján,  |d 1898-1982  |4 aut  |9 106970 
245 1 0 |a Poézia - moja láska  |b spomienok kniha prvá : 1930-1920  |c Ján Smrek 
648 7 |a 1920-1930  |2 SNK  |9 395700 
655 7 |a slovenská poézia  |2 SNK  |9 70444 
655 7 |a slovenské prózy  |2 SNKPH  |9 70229 
655 7 |a spomienky  |2 SNKPH  |9 29509 
773 0 |t Slovenské pohľady  |g Roč. 83, č. 1 (1967), s. 73-85 
850 |a Slovenská národná knižnica 
852 |a Slovenská národná knižnica 
954 |a beletria pôvodná (slovenská)  |2 lita 
958 |a OND 
958 |a EUIPO 
958 |a article21 
999 |c 3203613  |d 3205543